| 000 | 00364nam a22001337a 4500 | ||
|---|---|---|---|
| 008 | 181031b xxu||||| |||| 00| 0 eng d | ||
| 020 | _a9780131432093 | ||
| 041 | _aeng | ||
| 080 |
_210 TH _a510 |
||
| 100 | _a37 | ||
| 101 | _aMAT | ||
| 245 |
_aCollege Mathematics For Bussines Economics Life Sciences And Social Sciences _cBarnett.R.A |
||
| 942 |
_2udc _cBK |
||
| 999 |
_c51294 _d51294 |
||